• 首页
  • 本馆介绍
  • 公告通知
  • 最新文献
  • 馆藏检索
  • 电子资源
  • 读者导购
  • 参考咨询
  • 我的图书馆
  • 登录
  • 详细信息显示
  • 放入我的书架
  • 预约/预借图书
  • 作者相关作品
  • 分类相关作品
  • 丛书相关作品
  • 出版社相关作品

书目信息

  • 表格格式
  • 工作单格式
  • 卡片格式
题名:
《毛泽东思想和中国特色社会主义理论体系概论》导学用书
    
 
作者: 朱玉福 , 沈秋娜 , 韩东旭 主编
分册:  
出版信息: 北京   国家行政学院出版社  2019
页数: 272页
开本: 26cm
丛书名:
单 册:
中图分类: A84 , D610
科图分类:
主题词: 毛泽东思想--高等学校--教学参考资料 , 中国特色社会主义理论体系--高等学校--教学参考资料
电子资源:
ISBN: 978-7-5150-2326-7
000 01264nam0 2200277 45
001 012001011965
005 20140103141053.0
010    @a978-7-5150-2326-7@dCNY37.80
100    @a20190220d2019 em y0chiy0110 ea
101 0  @achi
102    @aCN@b110000
105    @ay z 000yy
106    @ar
200 1  @a《毛泽东思想和中国特色社会主义理论体系概论》导学用书@9《 mao ze dong si xiang he zhong guo te se she hui zhu yi li lun ti xi gai lun 》 dao xue yong shu@f朱玉福,沈秋娜,韩东旭主编
210    @a北京@c国家行政学院出版社@d2019
215    @a272页@d26cm
330    @a本书作为教材的配套用书和学生的辅学用书,以供教师和学生使用。本书在编写过程中,始终围绕立德树人这一根本任务,始终坚持把党的十九大精神和习近平新时代中国特色社会主义思想作为思想主线,坚持把提高大学生对思想政治理论课的获得感作为明确目标,坚持理论联系实际的根本方法。在编写风格上,本书努力体现出及时性、系统性、针对性、实践性和校本性等鲜明特征。
606 0  @a毛泽东思想@x高等学校@j教学参考资料
606 0  @a中国特色社会主义理论体系@x高等学校@j教学参考资料
690    @aA84@v5
690    @aD610@v5
701  0 @a朱玉福@9zhu yu fu@4主编
701  0 @a沈秋娜@9shen qiu na@4主编
701  0 @a韩东旭@9han dong xu@4主编
801  0 @aCN@b上海新华@c20191020
905    @b1139160-1@dA84@e180@f2
    
    《毛泽东思想和中国特色社会主义理论体系概论》导学用书/朱玉福,沈秋娜,韩东旭主编.-北京:国家行政学院出版社,2019
    272页;26cm
    
    
    ISBN 978-7-5150-2326-7:CNY37.80
    本书作为教材的配套用书和学生的辅学用书,以供教师和学生使用。本书在编写过程中,始终围绕立德树人这一根本任务,始终坚持把党的十九大精神和习近平新时代中国特色社会主义思想作为思想主线,坚持把提高大学生对思想政治理论课的获得感作为明确目标,坚持理论联系实际的根本方法。在编写风格上,本书努力体现出及时性、系统性、针对性、实践性和校本性等鲜明特征。
●
相关链接 在E读中查询图书 在五车中查询图书 在当当中查询图书 在豆瓣中查询图书


正题名:《毛泽东思想和中国特色社会主义理论体系概论》导学用书     索取号:A84/180         预约/预借

序号 登录号 条形码 馆藏地/架位号 状态 备注
1 1139160   211391607   第一样本阅览室/ [索取号:A84/180] 在馆    
2 1139161   211391616   第一借阅区/ [索取号:A84/180] 在馆    
唐山师范学院图书馆 欢迎您!
大连网信软件有限公司© 版权所有